[Event "Wch U14 Girls"]
[Site "Montesilvano"]
[Date "2023.11.20"]
[Round "7"]
[White "Orazalina, Nursulu"]
[Black "Avetisyan, Ani"]
[Result "1-0"]
[WhiteElo "1428"]
[BlackElo "1770"]
[PlyCount "137"]
[EventDate "2023.11.13"]
[EventType "swiss"]
[EventRounds "11"]
[EventCountry "ITA"]
[SourceTitle "CB48_2023"]
[SourceDate "2023.11.29"]
[SourceVersion "1"]
[SourceVersionDate "2023.11.29"]
[SourceQuality "1"]

1. e4 c6 2. c4 d5 3. cxd5 cxd5 4. exd5 Nf6 5. Bb5+ Bd7 6. Bc4 Qc7 7. d3 g6 8. Ne2 Bg7 9. Qb3 0-0 10. Bf4 Qb6 11. Qxb6 axb6 12. d4 Rc8 13. Bb3 Na6 14. Nbc3 b5 15. Ng3 b4 16. Nce2 Bb5 17. 0-0 Rd8 18. d6 exd6 19. Rfc1 Re8 20. Bc4 Bxc4 21. Rxc4 Ne4 22. Be3 h5 23. Nxe4 Rxe4 24. Kf1 Kf8 25. Rac1 Ke8 26. Nf4 b5 27. Rc6 Bxd4 28. Nd5 Bxe3 29. fxe3 Kf8 30. Rxd6 Rc4 31. Rxc4 bxc4 32. Nb6 Ke7 33. Rc6 Rd8 34. Nxc4 Nb8 35. Rb6 Rc8 36. Rxb4 Nd7 37. b3 Ke6 38. a4 Nc5 39. Rb6+ Kd5 40. Ke2 Nxb3 41. Rxb3 Rxc4 42. Ra3 Rc6 43. a5 Ra6 44. Kf3 Ke5 45. Ra4 Kf5 46. h3 f6 47. e4+ Ke5 48. g4 hxg4+ 49. hxg4 Ke6 50. Kf4 g5+ 51. Kf3 Ke5 52. Ke3 Ke6 53. Kd4 Kd6 54. Kc4 Ke5 55. Kb5 Ra8 56. a6 Kf4 57. e5+ Kxe5 58. Kb6 Ke6 59. Kb7 Rd8 60. a7 f5 61. Ra6+ Ke5 62. Ra5+ Kf4 63. gxf5 Rd7+ 64. Kb8 g4 65. a8Q Rd8+ 66. Kb7 Rxa8 67. Kxa8 g3 68. f6 g2 69. Ra1 1-0

[Event "EU-ch U14 Girls 31st"]
[Site "Mamaia"]
[Date "2023.09.12"]
[Round "7"]
[White "Vasiljeva, Sofja"]
[Black "Avetisyan, Ani"]
[Result "0-1"]
[WhiteElo "1895"]
[BlackElo "1698"]
[PlyCount "63"]
[EventDate "2023.09.05"]
[EventType "swiss"]
[EventRounds "9"]
[EventCountry "ROU"]
[SourceTitle "EXT 2024"]
[Source "ChessBase"]
[SourceDate "2023.10.10"]
[SourceVersion "1"]
[SourceVersionDate "2023.10.10"]
[SourceQuality "1"]

1. e4 c6 2. d4 d5 3. e5 Bf5 4. h4 h6 5. g4 Be4 6. f3 Bh7 7. e6 Qd6 8. exf7+ Kxf7 9. Ne2 Nd7 10. Nbc3 e5 11. dxe5 Nxe5 12. Bg2 Re8 13. Bf4 Nd3+ 14. cxd3 Qxf4 15. d4 Bd6 16. Qd2 Nf6 17. Qxf4 Bxf4 18. Kf2 Bd6 19. Rac1 Re7 20. Rhd1 Rhe8 21. Bf1 g5 22. h5 Kg7 23. Rd2 Rf8 24. Kg1 Re3 25. Bg2 a5 26. Nd1 Re7 27. a3 Nd7 28. Rc3 Rfe8 29. Kf2 Nb6 30. Ne3 Rxe3 31. Rxe3 Rxe3 32. Rd1 0-1

[Event "EU-ch U14 Girls 30th"]
[Site "Antalya"]
[Date "2022.11.13"]
[Round "8"]
[White "Avetisyan, Ani"]
[Black "Kawa, Anna"]
[Result "0-1"]
[WhiteElo "1625"]
[BlackElo "1574"]
[PlyCount "62"]
[EventDate "2022.11.06"]
[EventType "swiss"]
[EventRounds "9"]
[EventCountry "TUR"]
[SourceTitle "EXT 2024"]
[Source "ChessBase"]
[SourceDate "2023.10.10"]
[SourceVersion "1"]
[SourceVersionDate "2023.10.10"]
[SourceQuality "1"]

1. d4 d5 2. Nf3 Nf6 3. g3 c5 4. Bg2 cxd4 5. 0-0 Nc6 6. b3 e5 7. e3 dxe3 8. fxe3 Bg4 9. h3 Be6 10. Bb2 Qc7 11. Qe2 Ne4 12. Qe1 Bc5 13. Nfd2 Nxd2 14. Qxd2 0-0 15. Nc3 d4 16. exd4 Nxd4 17. Kh1 Rad8 18. Qc1 Bb4 19. Ne4 Qxc2 20. Qxc2 Nxc2 21. Bxe5 Nxa1 22. Rxa1 Bd5 23. a3 Ba5 24. b4 Bb6 25. Bf4 Rfe8 26. Nd6 Bxg2+ 27. Kxg2 Re2+ 28. Kh1 g5 29. Nxb7 Rd7 30. Nc5 Bxc5 31. bxc5 gxf4 0-1

[Event "EU-ch U14 Girls 30th"]
[Site "Antalya"]
[Date "2022.11.12"]
[Round "7"]
[White "Avetisyan, Ani"]
[Black "Toth, Lili1111"]
[Result "0-1"]
[WhiteElo "1625"]
[BlackElo "2199"]
[PlyCount "89"]
[EventDate "2022.11.06"]
[EventType "swiss"]
[EventRounds "9"]
[EventCountry "TUR"]
[SourceTitle "CBM 211 Extra"]
[Source "ChessBase"]
[SourceDate "2023.01.31"]
[SourceVersion "1"]
[SourceVersionDate "2023.01.31"]
[SourceQuality "1"]

1. d4 Nf6 2. Nf3 d5 3. g3 c5 4. Bg2 cxd4 5. b3 h5 6. Bb2 Nc6 7. Nxd4 e6 8. 0-0 h4 9. Nd2 Bd6 10. e4 Nxd4 11. Bxd4 e5 12. Bb2 d4 13. c3 hxg3 14. hxg3 Bg4 15. Qe1 d3 16. Nf3 Qd7 17. Qe3 Bh3 18. Nh4 Rd8 19. Qg5 Qg4 20. Qxg4 Bxg4 21. Nf5 Be2 22. Rfe1 Bc5 23. Bf1 Bxf1 24. Rxf1 g6 25. Nh4 Nxe4 26. Kg2 d2 27. Rad1 Ke7 28. Kf3 Nxc3 29. Bxc3 Rd3+ 30. Ke2 Rxc3 31. Kxd2 Bb4 32. Ke2 Rc2+ 33. Kf3 Rxa2 34. Rd5 Bd6 35. Rfd1 Rd8 36. Ng2 Rb2 37. Rb5 b6 38. Ra1 Bb8 39. Ne3 Rd3 40. Ra3 f5 41. Rb4 e4+ 42. Rxe4+ fxe4+ 43. Kxe4 Rdxb3 44. Nd5+ Ke6 45. Ra1 0-1

[Event "EU-ch U14 Girls 30th"]
[Site "Antalya"]
[Date "2022.11.10"]
[Round "5"]
[White "Avetisyan, Ani"]
[Black "Horvathova, Hana"]
[Result "1-0"]
[WhiteElo "1625"]
[BlackElo "1520"]
[PlyCount "44"]
[EventDate "2022.11.06"]
[EventType "swiss"]
[EventRounds "9"]
[EventCountry "TUR"]
[SourceTitle "EXT 2024"]
[Source "ChessBase"]
[SourceDate "2023.10.10"]
[SourceVersion "1"]
[SourceVersionDate "2023.10.10"]
[SourceQuality "1"]

1. d4 d5 2. c4 e6 3. Nc3 Nf6 4. cxd5 exd5 5. Bg5 Be7 6. e3 c6 7. Qc2 Be6 8. Bd3 h6 9. Bf4 Nbd7 10. Nge2 Nh5 11. Bg3 Nxg3 12. Nxg3 Nf6 13. 0-0 0-0 14. Rab1 Rc8 15. b4 b6 16. Rfe1 Bd6 17. Nf5 Rc7 18. Qa4 Bxf5 19. Bxf5 b5 20. Qb3 Be7 21. Re2 Qd6 22. a4 a6 1-0

[Event "Wch U14 Girls"]
[Site "Mamaia"]
[Date "2022.09.14"]
[Round "9"]
[White "Sosovickova, Martina"]
[Black "Avetisyan, Ani"]
[Result "0-1"]
[WhiteElo "1855"]
[BlackElo "1558"]
[PlyCount "194"]
[EventDate "2022.09.06"]
[EventType "swiss"]
[EventRounds "11"]
[EventCountry "ROU"]
[SourceTitle "CBM 210 Extra"]
[Source "ChessBase"]
[SourceDate "2022.11.30"]
[SourceVersion "1"]
[SourceVersionDate "2022.11.30"]
[SourceQuality "1"]

1. e4 c6 2. d4 d5 3. Nc3 dxe4 4. Nxe4 Nf6 5. Nxf6+ exf6 6. Nf3 Bd6 7. Be2 0-0 8. 0-0 Qc7 9. c4 Re8 10. Re1 c5 11. d5 Bf5 12. Be3 Nd7 13. Qd2 Nf8 14. h3 Ng6 15. Bd3 Bd7 16. Bxg6 hxg6 17. Qc3 Re4 18. Bd2 Rae8 19. Rxe4 Rxe4 20. Re1 Bf5 21. Rxe4 Bxe4 22. Qe3 Qe7 23. a3 b5 24. cxb5 Bxd5 25. Qxe7 Bxe7 26. Ba5 Kf8 27. b6 a6 28. Nd2 Ke8 29. Kf1 Kd7 30. g3 Kc6 31. Nb1 Bd8 32. b7 Bc7 33. Bxc7 Kxc7 34. b8Q+ Kxb8 35. Nc3 Bc4+ 36. Ke1 Kc7 37. Kd2 Kd6 38. Na4 g5 39. Ke3 f5 40. f4 f6 41. h4 g4 42. Nb6 Bb3 43. Kd3 Kc7 44. Nc4 Bxc4+ 45. Kxc4 Kc6 46. h5 Kd6 47. a4 Kc6 48. b4 cxb4 49. Kxb4 Kd5 50. Ka5 Ke4 51. Kxa6 Kf3 52. Kb5 Kxg3 53. a5 Kxf4 54. a6 g3 55. a7 g2 56. a8Q g1Q 57. Qf8 Qb1+ 58. Kc4 Qc2+ 59. Kb4 Qb2+ 60. Ka4 Qc2+ 61. Kb4 Qe4+ 62. Kc5 Qe3+ 63. Kb4 Qe1+ 64. Ka3 Qa1+ 65. Kb4 Qb2+ 66. Ka4 Qc2+ 67. Kb4 Qd2+ 68. Ka3 Qa5+ 69. Kb3 Qb6+ 70. Ka4 Qa6+ 71. Kb3 Qb7+ 72. Ka4 Qd7+ 73. Kb4 Kg5 74. Qh8 Qb7+ 75. Kc5 Qe7+ 76. Kb6 Qf7 77. Kc6 f4 78. Qh7 Qxh5 79. Qxg7+ Qg6 80. Qa7 Qe4+ 81. Kd6 f3 82. Qf2 Qf4+ 83. Kd5 Qf5+ 84. Kd6 Qe5+ 85. Kc6 Qe4+ 86. Kd6 f5 87. Qg3+ Qg4 88. Qf2 f4 89. Qc5+ Kg6 90. Qc2+ Qf5 91. Qf2 Qd3+ 92. Kc6 Qe2 93. Qh4 f2 94. Qxf4 f1Q 95. Qg3+ Kf7 96. Qc7+ Qe7 97. Qa5 Qff6+ 0-1

[Event "Wch U14 Girls"]
[Site "Mamaia"]
[Date "2022.09.13"]
[Round "8"]
[White "Avetisyan, Ani"]
[Black "Aldea, Maria Antonia"]
[Result "1/2-1/2"]
[WhiteElo "1558"]
[BlackElo "1715"]
[PlyCount "94"]
[EventDate "2022.09.06"]
[EventType "swiss"]
[EventRounds "11"]
[EventCountry "ROU"]
[SourceTitle "CBM 210 Extra"]
[Source "ChessBase"]
[SourceDate "2022.11.30"]
[SourceVersion "1"]
[SourceVersionDate "2022.11.30"]
[SourceQuality "1"]

1. d4 Nf6 2. Nf3 e6 3. g3 b5 4. e3 a6 5. a4 b4 6. c3 bxc3 7. bxc3 Bb7 8. Ba3 Bxa3 9. Rxa3 d5 10. Bg2 Nbd7 11. 0-0 0-0 12. Nbd2 c5 13. c4 Qe7 14. Ra1 Rab8 15. Qe2 Rfc8 16. Rfc1 cxd4 17. Nxd4 Nc5 18. h4 Ba8 19. Rc2 Qd7 20. a5 e5 21. N4f3 Qf5 22. Raa2 Qe6 23. Ng5 Qe7 24. Rab2 h6 25. Ngf3 Rxb2 26. Rxb2 e4 27. Nd4 Nfd7 28. cxd5 Bxd5 29. Kh2 Nd3 30. Rb1 Rb8 31. Rxb8+ Nxb8 32. f3 Nc1 33. Qe1 exf3 34. Bxf3 Bxf3 35. N2xf3 Qa3 36. Nc2 Qb2 37. Qd2 Nb3 38. Qd8+ Kh7 39. Qd3+ g6 40. Nfd4 Nxa5 41. h5 Qb7 42. e4 Nac6 43. Nf3 Qd7 44. Qe2 a5 45. e5 Qe6 46. hxg6+ Qxg6 47. Nh4 Qe6 1/2-1/2

[Event "Moscow Botvinnik Memorial Cup"]
[Site "Moscow"]
[Date "2022.08.23"]
[Round "9.3"]
[White "Avetisyan, Ani"]
[Black "Kostenko, Petr"]
[Result "0-1"]
[WhiteElo "1496"]
[BlackElo "2397"]
[PlyCount "64"]
[EventDate "2022.08.18"]
[EventType "team-tourn"]
[EventRounds "9"]
[EventCountry "RUS"]
[SourceTitle "CBM 209 Extra"]
[Source "ChessBase"]
[SourceDate "2022.09.30"]
[SourceVersion "1"]
[SourceVersionDate "2022.09.30"]
[SourceQuality "1"]
[WhiteTeam "Armenia"]
[BlackTeam "Kazakhstan"]
[WhiteTeamCountry "ARM"]
[BlackTeamCountry "KAZ"]

1. d4 Nf6 2. Nf3 e6 3. g3 b5 4. Bg2 Bb7 5. 0-0 c5 6. a4 b4 7. c4 Nc6 8. Bf4 Na5 9. Nbd2 Rc8 10. Rc1 Qb6 11. dxc5 Bxc5 12. b3 0-0 13. h3 Nh5 14. e3 Nxf4 15. exf4 Rfd8 16. Ng5 h6 17. Bxb7 Nxb7 18. Nge4 Be7 19. Nf3 Na5 20. Qd3 Qb7 21. Ned2 d5 22. cxd5 Rxd5 23. Rxc8+ Qxc8 24. Qb1 Rc5 25. Ne4 Rc7 26. Kg2 f5 27. Ned2 Bf6 28. Re1 Rc3 29. Ne5 Qb7+ 30. Kh2 Qd5 31. Rd1 Bxe5 32. Nc4 Qc5 0-1

[Event "Moscow Botvinnik Memorial Cup"]
[Site "Moscow"]
[Date "2022.08.19"]
[Round "2.4"]
[White "Avetisyan, Ani"]
[Black "Abbasov, Farid"]
[Result "0-1"]
[WhiteElo "1496"]
[BlackElo "2487"]
[PlyCount "70"]
[EventDate "2022.08.18"]
[EventType "team-tourn"]
[EventRounds "9"]
[EventCountry "RUS"]
[SourceTitle "CBM 209 Extra"]
[Source "ChessBase"]
[SourceDate "2022.09.30"]
[SourceVersion "1"]
[SourceVersionDate "2022.09.30"]
[SourceQuality "1"]
[WhiteTeam "Armenia"]
[BlackTeam "Azerbaijan"]
[WhiteTeamCountry "ARM"]
[BlackTeamCountry "AZE"]

1. d4 d6 2. c4 e5 3. dxe5 dxe5 4. Qxd8+ Kxd8 5. Nc3 Be6 6. b3 Nd7 7. Bb2 f6 8. Nf3 Nh6 9. g3 c6 10. Bg2 Be7 11. 0-0-0 Kc7 12. Nd2 Nf7 13. h4 h5 14. Bh3 Nc5 15. Nde4 Bxh3 16. Rxh3 Ne6 17. Nb1 a5 18. a3 Nh6 19. Rhh1 Rhd8 20. Nbd2 Ng4 21. f3 Ne3 22. Rde1 Nd4 23. Rh2 f5 24. Ng5 Bxg5 25. hxg5 g6 26. Reh1 Rd7 27. Bc3 a4 28. b4 Kd6 29. f4 Ke6 30. fxe5 Nb3+ 31. Nxb3 axb3 32. Kb2 Nxc4+ 33. Kxb3 Rxa3+ 34. Kc2 b5 35. Be1 Kxe5 0-1